| 000 | 00804nam a2200205 a 4500 | ||
|---|---|---|---|
| 003 | 0 | ||
| 005 | 20250415111338.0 | ||
| 008 | 970101s19uu xx 00 eng d | ||
| 050 |
_aPGS HG 179 _b.C794 2004 |
||
| 100 | _aCordero, Jan Iris A. | ||
| 245 |
_aThe saving habits of grade 6 students of Southville International School & Colleges of School Year 2003-2004 / _cJan Iris A. Cordero. |
||
| 260 |
_aLas PiƱas City, Philippines : _bSouthville International School and Colleges, _c2004. |
||
| 300 |
_a23 pages : _bcolored illustrations ; _c28 cm. |
||
| 504 | _aIncludes bibliographical references. | ||
| 650 |
_aSaving and investment _vChildren. |
||
| 650 |
_aStudents _vFinance, Personal. |
||
| 650 |
_aFinancial literacy _vJuvenile. |
||
| 650 |
_aMoney _vChildren _vAttitudes. |
||
| 942 |
_2lcc _cPASS |
||
| 999 |
_c96968 _d96968 |
||